Normal view
MARC view
- Petazzi Paolo
Entry Personal Name
001 - CONTROL NUMBER
- control field: 4515
003 - CONTROL NUMBER IDENTIFIER
- control field: IT-RoPau
005 - DATE AND TIME OF LATEST TRANSACTION
- control field: 20131129162455.0
008 - FIXED-LENGTH DATA ELEMENTS
- fixed length control field: 131129|| aca||aabn | a|a d
040 ## - CATALOGING SOURCE
- Original cataloging agency: IT-RoPau
- Transcribing agency: IT-RoPau
100 ## - HEADING--PERSONAL NAME
- Personal name: Petazzi Paolo
- Dates associated with a name: Codice autore testo SPICS: 11572
- Relator term: Autore
670 ## - SOURCE DATA FOUND
- Source citation: Work cat.: (IT-RoPau)100329: AA.VV. 794, Biennale musica 1982: numero e suono (5)